000 00591nam a2200181Ia 4500
003 GCL
008 140319s9999 xx 000 0 ara d
040 _aGCL /
_cGCL
082 0 4 _a973.918
_bد ت
100 1 _aدافيز دنيال ف
245 1 0 _aتاريخ الولايات المتحدة منذ 1945 /
_cدافيز دنيال ف
260 _a[S.N] :
_bالدار الدولية للنشر والتوزيع ،
_c1990
300 _a456 ص
490 _a
650 0 4 _aالولايات المتحدة الامريكية
650 0 4 _aامريكا الشمالية
942 _2ddc
_cBK
999 _c54562
_d54562